00312nam a22001097a 4500020001800000082001300018100002100031245008200052260004900134300001100183563000800194 a9780409332780 a341bISL aIslam, M Rafiqul aInternational Law:bcurrent concepts and future directions /cM Rafiqul Islam aAustralia: bLexisNexis Butterworths,c2014. a784 p. aPB.